000 00391nam a22001457a 4500
020 _a9788120321199
082 _222
_a629.8
100 _aGoodwin, Graham C...[et al.]
245 _aControl system design /
250 _aNA
260 _aNew Delhi,
_bPrentice Hall,
_cc2009.
300 _axxx,908 p. ;
_bill. ;
_c24 cm.
700 _aGraebe, Stefan F and Salgado, Mario E.
942 _2ddc
_cCIVIL
999 _c1518
_d1518